000 00616nam a2200229Ia 4500
003 OSt
005 20220926023055.0
006 a|||||r|||| 00| 0
007 ta
008 220923b |||||||| |||| 00| 0 eng d
037 _cGeneral Book
040 _aRTL
_cRTL
_beng
041 _2eng
_aeng
082 _aXM8:8g, M2
100 _aWalter Ingo Ed.
_9284175
245 0 _aHandbook of international business
260 _aNew York
_bWiley
_c1982
490 _aVarious Pagination
650 _aMultinational
942 _hXM8:8g, M2
_cGB
_2CC
999 _c640897
_d640897